Unwelcome casinos (Record no. 118294)

MARC details
000 -LEADER
fixed length control field 01002cam a2200217 4500
001 - CONTROL NUMBER
control field WB@3612-588
008 - FIXED-LENGTH DATA ELEMENTS--GENERAL INFORMATION
fixed length control field 041110n2004 000 0 eng u
035 ## - SYSTEM CONTROL NUMBER
System control number (Sirsi) u127943
245 ## - TITLE STATEMENT
Title Unwelcome casinos
260 ## - PUBLICATION, DISTRIBUTION, ETC.
Date of publication, distribution, etc. 2004
490 ## - SERIES STATEMENT
Series statement Municipal Journal
Volume/sequential designation 4 November 2004, 3(1)
520 ## - SUMMARY, ETC.
Summary, etc. The proposed Gambling Bill is felt not to go far enough in preventing unwanted casinos springing up in every town. Government is now set to amend the planning law to prevent casinos opening up via a loophole - at the moment the law allows any leisure facility, such as a cinema or swimming pool, to be converted to a casino without triggering planning controls. It also wants to impose a new duty on councils to consult local communities, to prevent them being bribed into approving unwelcome casinos.
590 ## - LOCAL NOTE (RLIN)
Local note WB
590 ## - LOCAL NOTE (RLIN)
Local note WB
650 ## - SUBJECT ADDED ENTRY--TOPICAL TERM
Topical term or geographic name entry element CASINOS
650 ## - SUBJECT ADDED ENTRY--TOPICAL TERM
Topical term or geographic name entry element GAMBLING
650 ## - SUBJECT ADDED ENTRY--TOPICAL TERM
Topical term or geographic name entry element GAMBLING BILL
650 ## - SUBJECT ADDED ENTRY--TOPICAL TERM
Topical term or geographic name entry element LEISURE CENTRES
690 ## - LOCAL SUBJECT ADDED ENTRY--TOPICAL TERM (OCLC, RLIN)
Topical term or geographic name as entry element LEISURE AND RECREATION
942 ## - ADDED ENTRY ELEMENTS (KOHA)
Suppress in OPAC 0
Holdings
Withdrawn status Lost status Source of classification or shelving scheme Damaged status Not for loan Home library Current library Shelving location Date acquired Total Checkouts Full call number Barcode Date last seen Copy number Price effective from Koha item type
    Dewey Decimal Classification     London London News article 10/11/2004   WB4043-11 127943-1001 06/08/2019 1 06/08/2019 News article